000 00276 a2200133 4500
001 150045
040 _cEscola São Tomás de Aquino
100 _aLALAU
240 1 0 _aJaponesinhos
_lpor
245 1 0 _aJaponesinhos
440 1 _aPeirópolis
697 _aPoesia
942 _cBK
999 _c150045
_d150045